Marcio Almeida.Pinturas (Record no. 541)

MARC details
000 -LEADER
campo de control de longitud fija 00491nam a22001337a 4500
008 - DATOS DE LONGITUD FIJA--INFORMACIÓN GENERAL
campo de control de longitud fija 150424b xxu||||| |||| 00| 0 eng d
082 ## - NÚMERO DE LA CLASIFICACIÓN DECIMAL DEWEY
Número de clasificación 750
Número de ítem A 447m
100 ## - ENTRADA PRINCIPAL--NOMBRE DE PERSONA
Nombre de persona Almeida, Marcio
9 (RLIN) 2486
245 ## - MENCIÓN DEL TÍTULO
Título Marcio Almeida.Pinturas
Mención de responsabilidad, etc. Almeida, Marcio, Motta, Teresa (curadora)
260 ## - PUBLICACIÓN, DISTRIBUCIÓN, ETC.
Lugar de publicación, distribución, etc. Lisboa Portugal
Nombre del editor, distribuidor, etc. GCL Gráfica
Fecha de publicación, distribución, etc. 1999
300 ## - DESCRIPCIÓN FÍSICA
Extensión 58 p.
Otras características físicas ill. (col)
Dimensiones 28x28 cm
650 ## - PUNTO DE ACCESO ADICIONAL DE MATERIA--TÉRMINO DE MATERIA
Subdivisión general Almeida, Marcio--1963--Exhibición
-- Pintura
Subdivisión cronológica 1999
Subdivisión geográfica Brasil
9 (RLIN) 2487
700 ## - ENTRADA AGREGADA--NOMBRE PERSONAL
Nombre de persona Marcio Almeida, Teresa Motta (curadora)
9 (RLIN) 2488
Holdings
Estatus retirado Estado de pérdida Fuente del sistema de clasificación o colocación Estado de daño No para préstamo Biblioteca de origen Biblioteca actual Ubicación en estantería Fecha de adquisición Total de préstamos Signatura topográfica completa Código de barras Visto por última vez Precio de reemplazo Tipo de ítem Koha
    Clasificación Decimal Dewey     Biblioteca LadoV Biblioteca LadoV   24/04/2015   750 A 447m 000561 24/04/2015 24/04/2015 Material 01